000 00725nam a22002297a 4500
003 UA-OsUOA
001 86438
007 ta
008 20120903b un ||||| |||| 00| 0 ukr d
090 _a94(4)"1939/1945"
_bИ95
942 _cBK
040 _aUA-OsUOA
_brus
_cUA-OsUOA
_dUA-OsUOA
245 _aИх подвиг бессмертен
_cсост. Вербинский М.В., Часто П.И.
300 _a126 с.
955 _a1
041 _arus
080 _a94(4)"1939/1945"
260 _aЛьвов
_bКаменяр
_c1983
246 3 1 _aОчерки о Героях Советского Союза
_n
650 7 _a9 Географія. Біографії. Історія
_2UDC
999 _c372941
_d372941